[Event "Champions Showdown G5"]
[Site "Saint Louis USA"]
[Date "2017.11.12"]
[Round "11.2"]
[White "Caruana, Fabiano"]
[Black "Grischuk, Alexander"]
[Result "1/2-1/2"]
[WhiteTitle "GM"]
[BlackTitle "GM"]
[WhiteElo "2799"]
[BlackElo "2782"]
[WhiteFideId "2020009"]
[BlackFideId "4126025"]
[EventDate "2017.11.12"]

1. e4 d6 2. d4 Nf6 3. Nc3 g6 4. Be3 a6 5. h3 Bg7 6. Nf3 O-O 7. a4 Nc6 8. Be2 e6
9. O-O b6 10. d5 exd5 11. exd5 Ne7 12. Bc4 Bb7 13. Qd2 Nf5 14. Bf4 Qd7 15. Rfe1
Rfe8 16. Rxe8+ Rxe8 17. Re1 Rxe1+ 18. Qxe1 h6 19. Qd2 g5 20. Bh2 Ne7 21. Qd3 Qf5
22. Qe2 Nexd5 23. Nxd5 Bxd5 24. Bxa6 Qe4 25. b3 Qxe2 26. Bxe2 Ne4 27. Bd3 f5 28.
Kf1 Kf7 29. h4 Bf6 30. hxg5 hxg5 31. Ng1 Ke6 32. Ne2 f4 33. f3 Nc5 34. Bg6 Nd7
35. Bg1 c5 36. Bf2 Ne5 37. Bh7 Bb7 38. Nc1 Nc6 39. Bd3 Nb4 40. Bg6 Ba6+ 41. Ne2
Bc3 42. g3 Be5 43. gxf4 gxf4 44. Ke1 Nc6 45. Bd3 Bb7 46. Be4 d5 47. Bh7 Kd6 48.
Bh4 Nb4 49. Bg5 d4 50. Bxf4 Bxf3 51. Bxe5+ Kxe5 52. Nc1 Nd5 53. Nd3+ Kd6 54. Kd2
Nc3 55. Nb2 Bd5 56. Bd3 Ke5 57. Bc4 Ne4+ 58. Kc1 Bc6 59. Bb5 Bd5 60. Bc4 Bb7 61.
Bd3 Nd6 62. Nc4+ Nxc4 63. Bxc4 1/2-1/2

[Event "Champions Showdown G5"]
[Site "Saint Louis USA"]
[Date "2017.11.12"]
[Round "11.3"]
[White "So, Wesley"]
[Black "Dominguez Perez, Leinier"]
[Result "1-0"]
[WhiteTitle "GM"]
[BlackTitle "GM"]
[WhiteElo "2788"]
[BlackElo "2739"]
[WhiteFideId "5202213"]
[BlackFideId "3503240"]
[EventDate "2017.11.12"]

1. d4 Nf6 2. c4 g6 3. Nc3 Bg7 4. e4 d6 5. Nf3 O-O 6. Be2 e5 7. dxe5 dxe5 8. Qxd8
Rxd8 9. Bg5 Rf8 10. Nd5 Nxd5 11. cxd5 c6 12. Bc4 cxd5 13. Bxd5 Nd7 14. O-O-O Nb6
15. Bb3 Bd7 16. Be3 Bc6 17. Nd2 Kh8 18. f3 f5 19. h4 h5 20. Kb1 Kh7 21. Bc2 Bh6
22. Bxb6 axb6 23. Nc4 fxe4 24. Nxe5 exf3 25. Nxc6 fxg2 26. Rhg1 bxc6 27. Rd7+
Bg7 28. Bxg6+ Kh6 29. Rxg2 Rf1+ 30. Kc2 Rxa2 31. Rxg7 Kxg7 32. Bd3+ Kf6 33. Bxf1
Ra4 34. Rh2 Rf4 35. Be2 Kg6 36. Bd3+ Kf6 37. Kd2 c5 38. Be2 Kg6 39. Ke3 Rb4 40.
Bd3+ Kh6 41. Rg2 Rb3 42. Rg6+ Kh7 43. Rxb6+ 1-0

[Event "Champions Showdown G5"]
[Site "Saint Louis USA"]
[Date "2017.11.12"]
[Round "12.2"]
[White "Grischuk, Alexander"]
[Black "Caruana, Fabiano"]
[Result "0-1"]
[WhiteTitle "GM"]
[BlackTitle "GM"]
[WhiteElo "2782"]
[BlackElo "2799"]
[WhiteFideId "4126025"]
[BlackFideId "2020009"]
[EventDate "2017.11.12"]

1. c4 e5 2. d3 Nf6 3. Nf3 Nc6 4. a3 d5 5. cxd5 Nxd5 6. e4 Nb6 7. Be3 Be7 8. Nbd2
O-O 9. Rc1 Bf6 10. b4 a6 11. Be2 Re8 12. O-O Nd7 13. Nb3 Nf8 14. Qc2 Ne6 15.
Rfd1 Qe7 16. Bf1 Rd8 17. Qb2 Bd7 18. Rc4 Be8 19. Rdc1 h6 20. h3 Rab8 21. Qc3 Rd6
22. Qe1 b6 23. a4 Na7 24. Ra1 Rbd8 25. Qc1 Rc6 26. a5 Rxc4 27. Qxc4 Bb5 28. Qc3
Qd6 29. axb6 cxb6 30. Nfd2 Nd4 31. Nc4 Qe6 32. Rc1 Nac6 33. Bxd4 Nxd4 34. Nxd4
Rxd4 35. Ne3 Bg5 36. Qc8+ Qxc8 37. Rxc8+ Rd8 38. Rc3 a5 39. bxa5 bxa5 40. Nd5 a4
41. Ra3 Bc1 42. Ra2 a3 0-1

[Event "Champions Showdown G5"]
[Site "Saint Louis USA"]
[Date "2017.11.12"]
[Round "12.3"]
[White "Dominguez Perez, Leinier"]
[Black "So, Wesley"]
[Result "1-0"]
[WhiteTitle "GM"]
[BlackTitle "GM"]
[WhiteElo "2739"]
[BlackElo "2788"]
[WhiteFideId "3503240"]
[BlackFideId "5202213"]
[EventDate "2017.11.12"]

1. e4 d6 2. d4 Nf6 3. Nc3 g6 4. Be3 Bg7 5. Qd2 c6 6. Nf3 b5 7. Bd3 Nbd7 8. O-O
O-O 9. h3 e5 10. dxe5 dxe5 11. a4 b4 12. Ne2 a5 13. Ng3 Qe7 14. c3 Nc5 15. Bxc5
Qxc5 16. cxb4 axb4 17. Rac1 Qd6 18. b3 Rd8 19. Rfd1 Be6 20. Qc2 Bh6 21. Bc4 Qe7
22. Rxd8+ Rxd8 23. Nxe5 Bxc4 24. Nxc6 Qd7 25. Qxc4 Bxc1 26. Nxd8 Bf4 27. Nc6
Qd1+ 28. Nf1 Qe1 29. Nd8 1-0